First list of amendents to the central government compilation of the treasury rules (Record no. 500248)

000 -LEADER
fixed length control field 00382cam a22001097a 4500
008 - FIXED-LENGTH DATA ELEMENTS--GENERAL INFORMATION
fixed length control field 180718b1977 xxu||||| |||| 00| 0 eng d
082 ## - DEWEY DECIMAL CLASSIFICATION NUMBER
Classification number Loox54 In2a
245 ## - TITLE STATEMENT
Title First list of amendents to the central government compilation of the treasury rules
Statement of responsibility, etc. by Ministry of Finance, India
260 ## - PUBLICATION, DISTRIBUTION, ETC.
Place of publication, distribution, etc. Delhi
Name of publisher, distributor, etc. Ministry of Finance
Date of publication, distribution, etc. 1977
300 ## - PHYSICAL DESCRIPTION
Extent 86+p.
700 ## - ADDED ENTRY--PERSONAL NAME
Personal name India. Ministry of Finance
Holdings
Withdrawn status Lost status Damaged status Not for loan Permanent Location Current Location Date acquired Full call number Barcode Date last seen Price effective from Koha item type
        Indian Institute of Public Administration Indian Institute of Public Administration 2018-08-04 Loox54 In2a G14104 2018-08-04 2018-08-04 G

Powered by Koha